KAMMA & THE END OF KAMMA (Record no. 5137)
[ view plain ]
| 000 -LEADER | |
|---|---|
| fixed length control field | 00517nam a22001337a 4500 |
| 082 ## - DEWEY DECIMAL CLASSIFICATION NUMBER | |
| Classification number | 200 |
| Item number | SUC/K |
| 100 ## - MAIN ENTRY--AUTHOR NAME | |
| Personal name | SUCITTO, AJAHN |
| 245 ## - TITLE STATEMENT | |
| Title | KAMMA & THE END OF KAMMA |
| 260 ## - PUBLICATION, DISTRIBUTION, ETC. (IMPRINT) | |
| Place of publication | LONDON |
| Name of publisher | AMARAVATI PUBLICATIONS |
| Year of publication | 2008 |
| 300 ## - PHYSICAL DESCRIPTION | |
| Number of Pages | 167 |
| 520 ## - SUMMARY, ETC. | |
| Summary, etc | The book teaches formal meditation practices, the role of devotion, aspects of dependent origination, and the need to establish skilful relationships – kalyānamitta – and the cessation of suffering and stress. |
| 650 ## - SUBJECT ADDED ENTRY--TOPICAL TERM | |
| Topical Term | RELIGIOUS |
| Geographic subdivision | UNITED KINGDOM |
| 942 ## - ADDED ENTRY ELEMENTS (KOHA) | |
| Koha item type | Books |
| Withdrawn status | Lost status | Collection code | Home library | Current library | Shelving location | Date acquired | Source of acquisition | Full call number | Accession Number | Koha item type |
|---|---|---|---|---|---|---|---|---|---|---|
| Non-fiction | Main Library | Main Library | SHELF 15 C-RELIGIOUS | 14/07/2016 | purchase | 200 SUC/K | 04328 | Books | ||
| Non-fiction | Main Library | Main Library | SHELF 15 C-RELIGIOUS | 14/07/2016 | purchase | 200 SUC/K | 04332 | Books |